Tendencie rozvoja kórejského automobilového priemyslu v procese globalizácie dizertačná práca
Salvato in:
| Autore principale: | |
|---|---|
| Ente Autore: | |
| Altri autori: | |
| Natura: | Libro |
| Lingua: | slovacco |
| Pubblicazione: |
Bratislava
2001
|
| Soggetti: | |
| Tags: |
Nessun Tag, puoi essere il primo ad aggiungerne!!
|
MARC
| LEADER | 00000nbm a2200000 4500 | ||
|---|---|---|---|
| 001 | 0178969 | ||
| 005 | 20221207102816.9 | ||
| 041 | 0 | |a slo | |
| 044 | |a SK | ||
| 245 | 1 | 0 | |a Tendencie rozvoja kórejského automobilového priemyslu v procese globalizácie |b dizertačná práca |c Roman Schönwiesner ; školiteľ: Ľudmila Lipková |
| 264 | 1 | |a Bratislava |c 2001 | |
| 300 | |a 213 s. | ||
| 610 | 2 | 0 | |a priemysel automobilový |
| 610 | 2 | 0 | |a Kórea |
| 610 | 2 | 0 | |a konkurencieschopnosť |
| 610 | 2 | 0 | |a globalizácia hospodárstva |
| 100 | 1 | |a Schönwiesner, Roman | |
| 700 | 1 | |a Lipková, Ľudmila | |
| 710 | 2 | |a Ekonomická univerzita v Bratislave. Obchodná fakulta | |